Aller au contenu
VuFind
Langue
English
Deutsch
Español
Français
Italiano
日本語
Nederlands
Português
Português (Brasil)
中文(简体)
中文(繁體)
Türkçe
עברית
Gaeilge
Cymraeg
Ελληνικά
Català
Euskara
Русский
Čeština
Suomi
Svenska
polski
Dansk
slovenščina
اللغة العربية
বাংলা
Galego
Tiếng Việt
Hrvatski
हिंदी
Tous les champs
Titre
Auteur
Sujet
Cote
ISBN/ISSN
Tag
Rechercher
Recherche avancée
Rechercher
Sedimentology and geochemistry
Citer
Envoyer par courriel
Imprimer
Exporter les notices
Exporter vers RefWorks
Exporter vers EndNoteWeb
Exporter vers EndNote
permanent_link
Chargement en cours...
Sedimentology and geochemistry
Détails bibliographiques
Langue:
English
Exemplaires
Description
Documents similaires
Affichage MARC
LEADER
00207nam a22000857a 4500
005
20151028162346.0
008
091121t xxu||||| |||| 00| 0 eng d
245
|a
Sedimentology and geochemistry
942
|c
BK
|6
_
999
|c
80669
|d
80669
Documents similaires
Geology of clays: weathering, sedimentology, geochemistry
par: Millot, Georges
Publié: (1970)
Geology of clays: weathering, sedimentology, geochemistry
par: Millot, Georges
Publié: (1970)
Sedimentology
par: Chamley, Herve
Publié: (1990)
Sedimentology
par: Cojan, Isabella, et autres
Publié: (2002)
Sedimentology
par: Chamley,Herve
Publié: (1990)
Chargement en cours...